[Event "Arapiraca Lopez Memorial 1st"]
[Site "Arapiraca"]
[Date "2016.??.??"]
[Round "1"]
[White "Da Silva, Francisco Anderson"]
[Black "Oliveira, Ornan Filipe de Ara"]
[Result "0-1"]
[WhiteElo "1800"]
[BlackElo "1800"]
[PlyCount "64"]
[EventDate "2016.07.16"]
[EventType "swiss"]
[EventRounds "6"]
[EventCountry "BRA"]
[SourceTitle "EXT 2017"]
[Source "ChessBase"]
[SourceDate "2016.10.25"]
[SourceVersion "1"]
[SourceVersionDate "2016.10.25"]
[SourceQuality "1"]

1. e4 c5 2. Nf3 Nc6 3. Bc4 d6 4. d4 cxd4 5. Nxd4 Nf6 6. Nc3 g6 7. Bb5 Bd7 8. Bg5 Bg7 9. 0-0 Nxd4 10. Qxd4 0-0 11. Rad1 Bxb5 12. Nxb5 Qa5 13. a4 a6 14. b3 axb5 15. Bd2 Qa6 16. Qd3 bxa4 17. Qc4 Qxc4 18. bxc4 Nxe4 19. Rfe1 Nxd2 20. Rxd2 Bc3 21. Rde2 Bxe1 22. Rxe1 Rfc8 23. g3 a3 24. Ra1 Rxc4 25. Ra2 Rb4 26. Kg2 Rb2 27. Rxa3 Rxa3 28. h4 Rxc2 29. Kg1 Rf3 30. Kh2 Rfxf2+ 31. Kh3 h5 32. g4 Rc3# 0-1